[Event "2020 Standard Chess Dropout Tournament, Round 4"]
[Site "SchemingMind.com"]
[Date "2021.04.12"]
[Round "4"]
[White "Dan Geana"]
[Black "John C. Walton"]
[Result "1/2-1/2"]
[WhiteCountry "ROU"]
[BlackCountry "USA"]
[WhiteElo "2626"]
[WhiteRD "117"]
[BlackElo "2494"]
[BlackRD "117"]
[GameID "710437"]

1. e4 c5 2. Nf3 Nc6 3. d4 cxd4 4. Nxd4 Nf6 5. Nc3 e5 6. Ndb5 d6 7. Bg5 a6 8. Na3 b5 9. Nd5 Be7 10. Bxf6 Bxf6
11. c3 Bg5 12. Nc2 Rb8 13. a4 bxa4 14. Ncb4 Nxb4 15. Nxb4 Bd7 16. Bxa6 Qa5 17. Qxd6 Rb6 18. Qd3 Be7 19. Nd5 Rxb2 20. O-O Qc5
21. Rab1 Rxb1 22. Rxb1 O-O 23. Bb5 Be8 24. g3 a3 25. Bxe8 Rxe8 26. Rb5 Qa7 27. Nxe7+ Qxe7 28. Ra5 Rd8 29. Qa6 h6 30. Rxa3 Qc5
31. c4 Rd4 32. Rc3 Kh7 33. Qb5 Rd1+ 34. Kg2 Qd4 35. Qd5 Qxc3 36. Qxd1=
1/2-1/2

[Event "2020 Standard Chess Dropout Tournament, Round 4"]
[Site "SchemingMind.com"]
[Date "2021.04.11"]
[Round "4"]
[White "pjl1015"]
[Black "Udo Sprang"]
[Result "1-0"]
[WhiteCountry "USA"]
[BlackCountry "NED"]
[WhiteElo "2460"]
[WhiteRD "118"]
[BlackElo "1998"]
[BlackRD "111"]
[GameID "710438"]

1. d4 f5 2. Nf3 Nf6 3. g3 e6 4. Bg2 d5 5. c4 c6 6. O-O Bd6 7. Qc2 O-O 8. Nc3 Bd7 9. Ne5 Be8 10. Bf4 Nh5
11. Qb3 b6 12. cxd5 Bxe5 13. dxe6 Qxd4 14. Rad1 Qc5 15. Rd8 Kh8 16. Bxe5 Qxe5 17. Qa3 Qf6 18. Nd5 cxd5 19. e7
1-0

[Event "2020 Standard Chess Dropout Tournament, Round 4"]
[Site "SchemingMind.com"]
[Date "2021.04.12"]
[Round "4"]
[White "Ramesh Panwar"]
[Black "Dan Geana"]
[Result "1/2-1/2"]
[WhiteCountry "IND"]
[BlackCountry "ROU"]
[WhiteElo "2561"]
[WhiteRD "92"]
[BlackElo "2626"]
[BlackRD "117"]
[GameID "710439"]

1. e4 e5 2. Nf3 Nc6 3. Bb5 Nf6 4. O-O Nxe4 5. Re1 Nd6 6. Nxe5 Be7 7. Bf1 Nxe5 8. Rxe5 O-O 9. Nc3 Ne8 10. Nd5 Bd6
11. Re1 c6 12. Ne3 Bc7 13. Nf5 d5 14. Ne7+ Kh8 15. Nxc8 Rxc8 16. d3 f5 17. Qf3 Nf6 18. g3 Qd7 19. Bg2 Ng4 20. Bd2 Rce8
21. a4 a6 22. Rxe8 Rxe8 23. Rf1 h6 24. b4 Kh7 25. h3 Nf6 26. Rb1 g5 27. c4 dxc4 28. Bc3 Nd5 29. dxc4 Nxc3 30. Qxc3 Re2
31. Qf3 Rd2 32. Re1=
1/2-1/2

[Event "2020 Standard Chess Dropout Tournament, Round 4"]
[Site "SchemingMind.com"]
[Date "2021.04.10"]
[Round "4"]
[White "Raymond de Kemp"]
[Black "Michael Preier"]
[Result "1-0"]
[WhiteCountry "NED"]
[BlackCountry "GER"]
[WhiteElo "1843"]
[WhiteRD "70"]
[BlackElo "1579"]
[BlackRD "130"]
[GameID "710440"]

1. d4 d5 2. Bf4 Nc6 3. e3 e6 4. c3 Nf6 5. Bd3 Bd6 6. Bg3 Bxg3 7. hxg3 h6 8. Nf3 Ne4 9. Nbd2 Nxd2 10. Qxd2 O-O
11. O-O-O Qd6 12. Rh5 f5 13. Rdh1 Rf6 14. g4 fxg4 15. Ne5 Qf8 16. Nxg4 Rf7 17. e4 e5 18. Nxh6+ gxh6 19. Rxh6 Qg7 20. exd5 Kf8
21. Rh8+ Ke7 22. dxc6 bxc6 23. R1h7 Qf6 24. dxe5
1-0

[Event "2020 Standard Chess Dropout Tournament, Round 4"]
[Site "SchemingMind.com"]
[Date "2021.04.12"]
[Round "4"]
[White "thefriediceman"]
[Black "Andreas Flato"]
[Result "1/2-1/2"]
[WhiteCountry "USA"]
[BlackCountry "GER"]
[WhiteElo "2075"]
[WhiteRD "149"]
[BlackElo "1807"]
[BlackRD "125"]
[GameID "710442"]

1. e4 e5 2. Nc3 d6 3. g3 Be7 4. Bg2 Nf6 5. d3 O-O 6. Nge2 Nc6 7. O-O Bg4 8. h3 Bh5 9. g4 Bg6 10. f4 exf4
11. Nxf4 Nd7 12. Nxg6 fxg6 13. Nd5 Rxf1+ 14. Qxf1 Nf6 15. Nxe7+ Qxe7 16. Bd2 Nd4 17. c3 Ne6 18. Re1 Rf8 19. Qe2 Nd7 20. Rf1 c6
21. Rxf8+ Ndxf8 22. Qf2 b6 23. Be3 h6 24. d4 g5 25. e5 dxe5 26. Bxc6 exd4 27. cxd4 Nc7 28. Ba4 Kh8 29. Bc2 Nd5 30. Bd2 Nd7
31. Qf5 N7f6 32. Qc8+ Ne8 33. Bb3 Nf6 34. Qe6 Qc7 35. Qe3 Qd6 36. Bf7 Nc7 37. Qe5 Qd7 38. Bg6 a5 39. Bf5 Qa4 40. Qxc7 Qd1+
41. Kg2 Qxd2+ 42. Kh1 Qe1+ 43. Kg2 Qe2+=
1/2-1/2

[Event "2020 Standard Chess Dropout Tournament, Round 4"]
[Site "SchemingMind.com"]
[Date "2021.04.12"]
[Round "4"]
[White "John C. Walton"]
[Black "Matthew Bailey"]
[Result "1/2-1/2"]
[WhiteCountry "USA"]
[BlackCountry "ENG"]
[WhiteElo "2494"]
[WhiteRD "117"]
[BlackElo "2537"]
[BlackRD "71"]
[GameID "710444"]

1. d4 e6 2. e4 d5 3. e5 c5 4. c3 Nc6 5. Nf3 Bd7 6. Be2 Nge7 7. Na3 cxd4 8. cxd4 Nf5 9. Nc2 Qb6 10. O-O Rc8
11. Bd3 Nb4 12. Nxb4 Bxb4 13. Kh1 Be7 14. g4 Nh4 15. Nxh4 Bxh4 16. Be3 Be7 17. Qe2 a6 18. Rac1 Rxc1 19. Rxc1 g6 20. Qc2 Bc6
21. Kg2 f5 22. Qc3 Kd7 23. Be2 Rc8 24. a3 Kd8 25. Qd2 Ba4 26. Rxc8+ Kxc8 27. Qc3+ Qc7 28. Qxc7+=
1/2-1/2

[Event "2020 Standard Chess Dropout Tournament, Round 5"]
[Site "SchemingMind.com"]
[Date "2021.10.04"]
[Round "5"]
[White "Mike Winslow"]
[Black "pjl1015"]
[Result "0-1"]
[WhiteCountry "USA"]
[BlackCountry "USA"]
[WhiteElo "1926"]
[WhiteRD "99"]
[BlackElo "2397"]
[BlackRD "114"]
[GameID "715973"]

1. Nf3 d5 2. b3 Nf6 3. Bb2 c5 4. e3 Nc6 5. g3 Qc7 6. Bg2 e5 7. d4 cxd4 8. exd4 e4 9. Ne5 Bb4+ 10. Nd2 Nxe5
11. dxe5 Ng4 12. O-O e3 13. Nf3 exf2+ 14. Rxf2 Nxf2 15. Kxf2 O-O 16. Qd3 g6 17. Nh4 Be6 18. Rc1 Rac8 19. Kg1 Qa5 20. a4 Bc3
21. Ba3 Rfe8 22. Bd6 Bd2 23. Rd1 Bh6 24. Bxd5 Qxd5 25. Qxd5 Bxd5 26. Rxd5 Rxc2 27. Nf3 Be3+ 28. Kh1 Rf2 29. Nd4 Rd2
0-1

[Event "2020 Standard Chess Dropout Tournament, Round 5"]
[Site "SchemingMind.com"]
[Date "2021.10.01"]
[Round "5"]
[White "Robert Bruce"]
[Black "William Lindberg"]
[Result "1/2-1/2"]
[WhiteCountry "SCO"]
[BlackCountry "USA"]
[WhiteElo "2454"]
[WhiteRD "70"]
[BlackElo "2467"]
[BlackRD "68"]
[GameID "715974"]

1. d4 d5 2. Nf3 Nf6 3. e3 e6 4. Bd3 c5 5. b3 Be7 6. Bb2 O-O 7. Nbd2 Nc6 8. a3 b6 9. O-O h6 10. Re1 Bb7
11. dxc5 bxc5 12. c4 Re8 13. Rb1 a5 14. cxd5 exd5 15. e4 d4 16. Qc2 Bd6 17. Bb5 Qb6 18. Nc4 Bxh2+ 19. Kxh2 Qxb5 20. Nd6 Qb6
21. Nxe8 Rxe8 22. Kg1 Re6 23. Ba1 Ba6 24. e5 Nd7 25. b4 axb4 26. axb4 d3 27. Qd2 cxb4 28. Re4 Qc5 29. Nd4 Nxd4 30. Rxd4 Nxe5
31. Qxb4 Qc2 32. Qb2 Qxb2 33. Rxb2 Rc6 34. Rd8+ Kh7 35. Rb1 Ng6 36. Bb2 Nf4 37. Ra1 Ne2+ 38. Kh2 Rc5 39. g4 Bc4 40. Bc1 Nxc1
41. Rxc1 Rd5 42. Rxd5 Bxd5 43. Rb1 d2 44. Rd1 Bf3 45. Rxd2=
1/2-1/2

[Event "2020 Standard Chess Dropout Tournament, Round 5"]
[Site "SchemingMind.com"]
[Date "2021.10.04"]
[Round "5"]
[White "Don71"]
[Black "Matthew Bailey"]
[Result "0-1"]
[WhiteCountry "NIR"]
[BlackCountry "ENG"]
[WhiteElo "2234"]
[WhiteRD "116"]
[BlackElo "2631"]
[BlackRD "79"]
[GameID "715976"]

1. e4 c5 2. Nf3 Nc6 3. Nc3 e5 4. Bc4 Be7 5. O-O Nf6 6. d3 O-O 7. Bg5 d6 8. Bxf6 Bxf6 9. Nd5 g6 10. c3 Bg7
11. a4 Be6 12. Re1 Bh6 13. Ne3 Rc8 14. Bd5 Bd7 15. Qb3 b6 16. Qa2 Kg7 17. Bc4 f5 18. Rad1 Bxe3 19. Rxe3 f4 20. Re2 g5
21. Nd2 g4 22. f3 h5 23. Ba6 Rc7 24. Bc4 Qf6 25. Rf1 Ne7 26. Rd1 Ng6 27. Qb3 Nh4 28. Kh1 Kh7 29. Rg1 g3 30. h3 Qd8
31. Ra1 Qc8 32. Kg1 Bxh3 33. Rae1 Rg7 34. gxh3 Rf6 35. Rg2 Qxh3
0-1

[Event "2020 Standard Chess Dropout Tournament, Round 5"]
[Site "SchemingMind.com"]
[Date "2021.10.04"]
[Round "5"]
[White "FransEvers"]
[Black "j4orce"]
[Result "1-0"]
[WhiteCountry "NED"]
[BlackCountry "USA"]
[WhiteElo "2170"]
[WhiteRD "113"]
[BlackElo "1848"]
[BlackRD "135"]
[GameID "715977"]

1. e4 c5 2. Nf3 e6 3. d4 cxd4 4. Nxd4 a6 5. Be3 Nc6 6. c4 Qa5+ 7. Nd2 Nf6 8. Nb3 Qe5 9. f4 Qxb2 10. e5 Ng4
11. Qxg4 Qxa1+ 12. Nxa1 Nb4 13. a3 Na2 14. Nc2 Nc3 15. Be2 g6 16. O-O h5 17. Qf3 d5 18. cxd5 exd5 19. Bd4 Nxe2+ 20. Qxe2 Be6
21. Rb1 Rb8 22. Nb3 b6 23. Qxa6 b5 24. Nc5
1-0

[Event "2020 Standard Chess Dropout Tournament, Round 5"]
[Site "SchemingMind.com"]
[Date "2021.10.03"]
[Round "5"]
[White "George Dimitrov"]
[Black "Mike Winslow"]
[Result "1-0"]
[WhiteCountry "BUL"]
[BlackCountry "USA"]
[WhiteElo "2458"]
[WhiteRD "127"]
[BlackElo "1924"]
[BlackRD "100"]
[GameID "715978"]

1. e4 g6 2. d4 Bg7 3. Nc3 c6 4. Bc4 b5 5. Bb3 a5 6. a3 d6 7. Nf3 Ba6 8. h4 Nf6 9. e5 dxe5 10. Nxe5 e6
11. Bg5 Qc7 12. Qf3 Nd5 13. O-O-O O-O 14. h5 Bxe5 15. dxe5 Qxe5 16. Ne4 Qf5 17. Bxd5 cxd5 18. Nf6+ Kg7 19. Qg3 Rc8 20. Rd3 b4
21. hxg6 Qxd3 22. Bh6+ Kxf6 23. Qg5#
1-0

[Event "2020 Standard Chess Dropout Tournament, Round 5"]
[Site "SchemingMind.com"]
[Date "2021.10.05"]
[Round "5"]
[White "John Hamer"]
[Black "FransEvers"]
[Result "0-1"]
[WhiteCountry "ENG"]
[BlackCountry "NED"]
[WhiteElo "1760"]
[WhiteRD "78"]
[BlackElo "2179"]
[BlackRD "115"]
[GameID "715979"]

1. d4 Nf6 2. c4 d6 3. Nc3 e5 4. Nf3 Nbd7 5. e4 Be7 6. g3 O-O 7. Bg2 c6 8. O-O h6 9. h3 a6 10. Be3 Re8
11. Rc1 b5 12. Qc2 b4 13. Na4 c5
0-1

[Event "2020 Standard Chess Dropout Tournament, Round 5"]
[Site "SchemingMind.com"]
[Date "2021.10.04"]
[Round "5"]
[White "j4orce"]
[Black "David Hartley"]
[Result "0-1"]
[WhiteCountry "USA"]
[BlackCountry "ENG"]
[WhiteElo "1790"]
[WhiteRD "131"]
[BlackElo "1763"]
[BlackRD "82"]
[GameID "715980"]

1. e4 e5 2. Nf3 Nf6 3. Nxe5 d6 4. Nf3 Nxe4 5. d4 d5 6. c4 Bb4+ 7. Nbd2 O-O 8. a3 Bxd2+ 9. Bxd2 Nxd2 10. Qxd2 Re8+
11. Be2 dxc4 12. h3 Be6 13. Rc1 Bd5 14. Kf1 b5 15. h4 Nd7 16. Rh3 Nf6 17. Ne5 c5 18. Bf3 cxd4 19. Qf4 Bxf3 20. Rxf3 d3
21. g4 Rf8 22. Nc6 Qd7 23. Ne5 Qd5 24. Kg1 Nd7 25. Re3 Nxe5 26. Rxe5 Qd7 27. Rce1 Rae8 28. Qd2 Rxe5 29. Rxe5 Re8 30. Rf5 Re2
31. Qf4 g6
0-1

[Event "2020 Standard Chess Dropout Tournament, Round 5"]
[Site "SchemingMind.com"]
[Date "2021.10.01"]
[Round "5"]
[White "William Lindberg"]
[Black "Ramesh Panwar"]
[Result "1/2-1/2"]
[WhiteCountry "USA"]
[BlackCountry "IND"]
[WhiteElo "2474"]
[WhiteRD "66"]
[BlackElo "2564"]
[BlackRD "99"]
[GameID "715981"]

1. e4 c5 2. Nf3 e6 3. d4 cxd4 4. Nxd4 Nf6 5. Nc3 d6 6. g4 h6 7. g5 hxg5 8. Bxg5 Nc6 9. Qd2 Nxd4 10. Qxd4 Bd7
11. O-O-O Qb6 12. Qd2 Rc8 13. h4 Rxc3 14. Bxf6 Rxc2+ 15. Qxc2 gxf6 16. Kb1 Ke7 17. Rh3 Bh6 18. h5 Bc6 19. Bg2 Bf4 20. Rdh1 Bh6
21. Ka1 Qa5 22. Ra3 Qd2 23. Qxd2 Bxd2 24. Rd3 Bf4 25. Bf3 Kf8 26. Rh4 Bg5 27. Rh3 Bf4 28. h6 Rh7 29. Kb1 Ke7 30. Kc2 Rxh6
31. Rxh6 Bxh6 32. Bh1 Bg5 33. Rh3 Bf4 34. Rh7 Bg5=
1/2-1/2

[Event "2020 Standard Chess Dropout Tournament, Round 5"]
[Site "SchemingMind.com"]
[Date "2021.10.01"]
[Round "5"]
[White "Matthew Bailey"]
[Black "Dan Geana"]
[Result "1/2-1/2"]
[WhiteCountry "ENG"]
[BlackCountry "ROU"]
[WhiteElo "2626"]
[WhiteRD "71"]
[BlackElo "2638"]
[BlackRD "125"]
[GameID "715982"]

1. e4 e5 2. Nf3 Nc6 3. Bb5 a6 4. Ba4 Nf6 5. O-O Be7 6. Re1 b5 7. Bb3 O-O 8. c3 d5 9. exd5 Nxd5 10. Nxe5 Nxe5
11. Rxe5 c6 12. d4 Bd6 13. Re1 Qh4 14. g3 Qh3 15. Be3 Bg4 16. Qd3 Rae8 17. Nd2 Qh5 18. a4 Re6 19. axb5 axb5 20. Nf1 Bf5
21. Qd2 Bh3 22. Bd1 Qg6 23. Bf3 Qf5 24. Qd1 h5 25. Be2 Qe4 26. Bf3 Qf5 27. Ra6 Bc7 28. Bh1 Rfe8 29. Qf3 Qg6 30. Rxc6 Rxc6
31. Qxd5 Rb6 32. Bf3 h4 33. Bh5 Qe6 34. Qxe6 Bxe6 35. Bf3 hxg3 36. hxg3 Ra6 37. Kg2 Rd8 38. Rd1 Bb3 39. Rb1 Bc2 40. Rc1 Bg6
41. b4 Bd3=
1/2-1/2

[Event "2020 Standard Chess Dropout Tournament, Round 5"]
[Site "SchemingMind.com"]
[Date "2021.10.04"]
[Round "5"]
[White "Dan Geana"]
[Black "John C. Walton"]
[Result "1/2-1/2"]
[WhiteCountry "ROU"]
[BlackCountry "USA"]
[WhiteElo "2625"]
[WhiteRD "124"]
[BlackElo "2517"]
[BlackRD "133"]
[GameID "715983"]

1. e4 e5 2. Nf3 Nc6 3. Bb5 a6 4. Ba4 Nf6 5. O-O Nxe4 6. d4 b5 7. Bb3 d5 8. dxe5 Be6 9. Nbd2 Nc5 10. c3 Be7
11. Bc2 d4 12. Nb3 d3 13. Bb1 Nxb3 14. axb3 Bf5 15. Be3 O-O 16. Bd4 Qd5 17. Re1 d2 18. Re2 Bxb1 19. Rxb1 Nxd4 20. Nxd4 Bg5
21. g3 c5 22. Nf5 Qd3 23. Nd6 Qg6 24. h4 Bxh4 25. Rxd2 Be7 26. Qe1 Rad8 27. Rbd1 h5 28. Kg2 f5 29. f4 h4 30. Qe3 Rd7
31. Rd3 c4 32. bxc4 bxc4 33. Nxc4 Rxd3 34. Qxd3 Rd8 35. Nd6 Bxd6 36. exd6 Rxd6 37. Qxd6=
1/2-1/2

[Event "2020 Standard Chess Dropout Tournament, Round 5"]
[Site "SchemingMind.com"]
[Date "2021.10.03"]
[Round "5"]
[White "Ramesh Panwar"]
[Black "Robert Bruce"]
[Result "1-0"]
[WhiteCountry "IND"]
[BlackCountry "SCO"]
[WhiteElo "2564"]
[WhiteRD "99"]
[BlackElo "2439"]
[BlackRD "69"]
[GameID "715985"]

1. e4 e5 2. Nf3 Nc6 3. Bb5 a6 4. Ba4 Nf6 5. O-O Be7 6. Re1 b5 7. Bb3 d6 8. c3 O-O 9. h3 Nb8 10. d4 Nbd7
11. c4 c6 12. Nc3 b4 13. Ne2 c5 14. dxe5 Nxe5 15. Ng3 a5 16. Nf5 Bxf5 17. exf5 Qc7 18. Bf4 a4 19. Bc2 Nxc4 20. Qe2 Ne5
21. Nxe5 dxe5 22. Bxe5 Bd6 23. Bxf6 gxf6 24. Qh5 Kh8 25. Re4 Rg8 26. Rae1 Qb7 27. Qh6 Bf8 28. Qxf6+ Bg7 29. Qh4 Qc6 30. b3 Bf6
31. Qh6 Rac8 32. Rg4 Bg7 33. Qh5 Qf6 34. bxa4 Rge8 35. Rge4 Rxe4 36. Rxe4 c4 37. g3 Kg8 38. a5 h6 39. Qg4 h5 40. Qxh5 Kf8
41. Qg4 c3 42. Rxb4 Rd8 43. Rb7 Qc6 44. Rb6 Qd7 45. Qh5 Qe7 46. a6 Bd4 47. Kg2 Be5 48. Bb3 Bd4 49. Rh6 Qe4+ 50. Kh2
1-0

[Event "2020 Standard Chess Dropout Tournament, Round 5"]
[Site "SchemingMind.com"]
[Date "2021.10.05"]
[Round "5"]
[White "John C. Walton"]
[Black "Don71"]
[Result "1-0"]
[WhiteCountry "USA"]
[BlackCountry "NIR"]
[WhiteElo "2537"]
[WhiteRD "118"]
[BlackElo "2234"]
[BlackRD "116"]
[GameID "715986"]

1. e4 c5 2. Nf3 Nc6 3. d4 cxd4 4. Nxd4 e5 5. Nb5 d6 6. N1c3 a6 7. Na3 Nf6 8. Nc4 b5 9. Ne3 b4 10. Ncd5 Nxe4
11. a3 b3 12. cxb3 g6 13. b4 Nd4 14. Bd3 f5 15. O-O Bb7 16. Bc4 Bg7 17. f3 Nf6 18. Nxf6+ Bxf6 19. Nd5 Rc8 20. b3 Bxd5
21. Bxd5 a5 22. Qd3 axb4 23. axb4 Qc7 24. Kh1 Ke7 25. Be3 Rhd8 26. Rfc1 Qd7 27. Rc4 Kf8 28. g4 f4 29. Bf2 Rb8 30. Rxd4 exd4
31. Bxd4 Qg7 32. Ra7 Bxd4 33. Rxg7 Bxg7 34. Qa6 Rd7 35. Be6
1-0

[Event "2020 Standard Chess Dropout Tournament, Round 6"]
[Site "SchemingMind.com"]
[Date "2021.12.27"]
[Round "6"]
[White "Robert Bruce"]
[Black "FransEvers"]
[Result "1-0"]
[WhiteCountry "SCO"]
[BlackCountry "NED"]
[WhiteElo "2410"]
[WhiteRD "67"]
[BlackElo "2122"]
[BlackRD "104"]
[GameID "718771"]

1. d4 d6 2. c4 Nf6 3. Nf3 Nbd7 4. Nc3 e5 5. e4 Be7 6. Be2 O-O 7. O-O c6 8. Qc2 Re8 9. Be3 Qc7 10. Rad1 a6
11. Rc1 Nf8 12. h3 Bd7 13. dxe5 dxe5 14. c5 Be6 15. b4 N8d7 16. Na4 h6 17. Rfd1 Rad8 18. Nd2 Rf8 19. Bc4 Bxc4 20. Nxc4 Nh7
21. Qc3 Nhf6 22. Nd6 Bxd6 23. cxd6 Qb8 24. Nc5 a5 25. bxa5 Nxc5 26. Qxc5 Nxe4 27. Qb4 Nf6 28. Bb6 Rd7 29. Qa4 Qa8 30. a6 Qxa6
31. Qxa6 bxa6 32. Rxc6 Ra8 33. Re1 e4 34. Ba5 g5 35. Bc7 a5 36. a4 Kg7 37. Kf1 Kg6 38. Rd1 Ne8 39. Ke2 f5 40. Rd5 Kf6
41. Ke3
1-0

[Event "2020 Standard Chess Dropout Tournament, Round 6"]
[Site "SchemingMind.com"]
[Date "2021.12.28"]
[Round "6"]
[White "FransEvers"]
[Black "William Lindberg"]
[Result "0-1"]
[WhiteCountry "NED"]
[BlackCountry "USA"]
[WhiteElo "2136"]
[WhiteRD "111"]
[BlackElo "2482"]
[BlackRD "67"]
[GameID "718772"]

1. e4 e5 2. Nf3 Nc6 3. Be2 Nf6 4. d3 d5 5. Nbd2 Bd6 6. c3 h6 7. O-O O-O 8. a3 a5 9. b3 Ne7 10. Bb2 c6
11. Qc2 Re8 12. h3 Ng6 13. Rfe1 Qe7 14. Bf1 Be6 15. a4 Rad8 16. Rad1 Qc7 17. Rc1 Qd7 18. Rcd1 Nf4 19. Kh2 b6 20. exd5 cxd5
21. Nxe5 Bxe5 22. Rxe5 Bxh3 23. Rxe8+ Rxe8 24. Ne4 Ng4+ 25. Kg1 dxe4
0-1

[Event "2020 Standard Chess Dropout Tournament, Round 6"]
[Site "SchemingMind.com"]
[Date "2021.12.29"]
[Round "6"]
[White "George Dimitrov"]
[Black "John C. Walton"]
[Result "1/2-1/2"]
[WhiteCountry "BUL"]
[BlackCountry "USA"]
[WhiteElo "2466"]
[WhiteRD "118"]
[BlackElo "2592"]
[BlackRD "96"]
[GameID "718773"]

1. e4 c5 2. Nf3 e6 3. d4 cxd4 4. Nxd4 Nc6 5. Nc3 Qc7 6. Be3 a6 7. Qd2 Nf6 8. O-O-O Bb4 9. f3 Ne5 10. g4 b5
11. g5 Nh5 12. a3 Bxc3 13. Qxc3 Qxc3 14. bxc3 O-O 15. Nb3 f5 16. gxf6 Nxf6 17. Be2 Nh5 18. Bd4 d6 19. Be3 Nf7 20. c4 e5
21. Kb2 Rb8 22. c5 dxc5 23. Nxc5 Nf4 24. Bxf4 exf4 25. h4 Rb6 26. h5 Rf6 27. c4 Rc6 28. Rd5 bxc4 29. Bxc4 g6 30. hxg6 hxg6
31. Kc3 Kg7 32. Kd4 Nd8 33. Re5 Rd6+ 34. Rd5 Nc6+ 35. Kc3 Rxd5 36. exd5 Ne5 37. Rf1 Rd8 38. Kd4 Nxc4 39. Kxc4 g5 40. Ne4 Kg6
41. a4 a5 42. Nc5 Bh3 43. Rg1 Bf5 44. Kd4 Kf6 45. Rf1 Kg6 46. Rf2 Kf6=
1/2-1/2

[Event "2020 Standard Chess Dropout Tournament, Round 6"]
[Site "SchemingMind.com"]
[Date "2021.12.27"]
[Round "6"]
[White "William Lindberg"]
[Black "Robert Bruce"]
[Result "1/2-1/2"]
[WhiteCountry "USA"]
[BlackCountry "SCO"]
[WhiteElo "2469"]
[WhiteRD "66"]
[BlackElo "2410"]
[BlackRD "67"]
[GameID "718774"]

1. c4 e5 2. Nc3 Nc6 3. g3 g6 4. Bg2 Bg7 5. e3 Nf6 6. Nge2 O-O 7. O-O Re8 8. Nd5 d6 9. d3 Nxd5 10. cxd5 Ne7
11. Nc3 c6 12. Qb3 Rb8 13. Bd2 Bf5 14. e4 Bd7 15. Rac1 a5 16. h4 Rf8 17. Kh2 Kh8 18. f4 f5 19. Be3 Ng8 20. Rce1 c5
21. exf5 gxf5 22. a4 Nf6 23. Bf3 b6 24. Nb5 Bh6 25. Bd1 Bxb5 26. axb5 Nd7 27. Bd2 Bg7 28. Bh5 Ra8 29. Qc2 Rb8 30. Bc3 Ra8
31. Qd2 a4 32. Ra1 Nf6 33. Bf3 Nd7 34. Bg2 Qe8 35. Bh3 Qh5 36. Qg2 Ra7 37. Kh1 Rf7 38. Qf2 Ra8 39. Ra2 Qg6 40. Kh2 Rff8
41. Ra3 Qh5 42. Qg2 Qg6 43. Rf3 Rf7 44. Qf2 Qh5 45. Kg2 Raf8 46. Rxa4 exf4 47. Rfxf4 Bxc3 48. bxc3 Ne5 49. Qf1 Ng6 50. Rf2 Qh6
51. Raa2 f4 52. Be6 Rf6 53. Rf3 Ne5 54. Rxf4 Rxf4 55. gxf4 Qxh4 56. Qf2 Qh6 57. f5 Nxd3 58. Qd2 Qg7+ 59. Kf1 c4 60. Qh2 Qxc3
61. Qxd6 Qb4 62. Qxb4 Nxb4 63. Ra3 Nxd5 64. Bxd5 Rxf5+ 65. Bf3 Rxb5 66. Ra7 Rf5 67. Kg2 Rg5+ 68. Kf2 Re5 69. Rb7 c3 70. Bd1 Rb5
71. Ke3 h5 72. Kd4 h4 73. Kxc3 Rd5 74. Bf3 Rf5 75. Be4 Rh5 76. Rxb6 h3=
1/2-1/2

[Event "2020 Standard Chess Dropout Tournament, Round 6"]
[Site "SchemingMind.com"]
[Date "2022.01.01"]
[Round "6"]
[White "Matthew Bailey"]
[Black "George Dimitrov"]
[Result "1/2-1/2"]
[WhiteCountry "ENG"]
[BlackCountry "BUL"]
[WhiteElo "2587"]
[WhiteRD "80"]
[BlackElo "2481"]
[BlackRD "122"]
[GameID "718775"]

1. d4 d5 2. c4 c6 3. Nf3 Nf6 4. Nc3 e6 5. Bg5 h6 6. Bxf6 Qxf6 7. e3 g6 8. Bd3 Bg7 9. O-O O-O 10. a4 dxc4
11. Bxc4 Nd7 12. b4 Qe7 13. Qb3 a5 14. b5 Rd8 15. Rad1 Rb8 16. Qc2 c5 17. h3 cxd4 18. exd4 b6 19. d5 Nc5 20. Rfe1 e5
21. d6 Rxd6 22. Nd5 Qf8 23. Nxe5 Bf5 24. Qa2 Kh7 25. h4 Be4 26. Nc6 Rb7 27. Ne3 Rbd7 28. Rxd6 Rxd6 29. Bd5 Bxd5 30. Nxd5 Nxa4
31. Re7 h5 32. g3 Nc5 33. Nxb6 Rxc6 34. Rxf7 Qxf7 35. Qxf7 Rxb6 36. g4 Ne6=
1/2-1/2

[Event "2020 Standard Chess Dropout Tournament, Round 6"]
[Site "SchemingMind.com"]
[Date "2022.01.01"]
[Round "6"]
[White "Dan Geana"]
[Black "Ramesh Panwar"]
[Result "1/2-1/2"]
[WhiteCountry "ROU"]
[BlackCountry "IND"]
[WhiteElo "2604"]
[WhiteRD "118"]
[BlackElo "2536"]
[BlackRD "107"]
[GameID "718776"]

1. e4 c5 2. Nf3 d6 3. d4 cxd4 4. Nxd4 Nf6 5. Nc3 a6 6. h3 e5 7. Nde2 h5 8. Bg5 Be6 9. g3 Be7 10. Bg2 b5
11. O-O O-O 12. Nc1 b4 13. Nd5 Nxd5 14. exd5 Bf5 15. Bxe7 Qxe7 16. Nd3 a5 17. Qxh5 Qf6 18. Rae1 Re8 19. Be4 g6 20. Qh6 Bxe4
21. Rxe4 Qg7 22. Qxg7+ Kxg7 23. f4 Nd7 24. fxe5 Nxe5 25. Nxe5 f5 26. Re2 Rxe5 27. Rxe5 dxe5 28. g4 Kf6 29. h4 Rd8 30. gxf5 gxf5
31. Rd1 Ke7 32. d6+ Kd7=
1/2-1/2

[Event "2020 Standard Chess Dropout Tournament, Round 6"]
[Site "SchemingMind.com"]
[Date "2022.01.01"]
[Round "6"]
[White "pjl1015"]
[Black "Dan Geana"]
[Result "1/2-1/2"]
[WhiteCountry "USA"]
[BlackCountry "ROU"]
[WhiteElo "2444"]
[WhiteRD "112"]
[BlackElo "2581"]
[BlackRD "114"]
[GameID "718777"]

1. e4 e5 2. Nf3 Nc6 3. Bc4 Bc5 4. c3 Nf6 5. d3 d6 6. O-O a6 7. a4 Ba7 8. h3 h6 9. b4 Ne7 10. Re1 O-O
11. Nbd2 Ng6 12. d4 Re8 13. b5 axb5 14. axb5 Be6 15. Bf1 Bb6 16. Rxa8 Qxa8 17. Qc2 c6 18. Bb2 Qd8 19. Ra1 Qc7 20. bxc6 bxc6
21. c4 exd4 22. Nxd4 Bc8 23. N4b3 Ne5 24. Be2 Qe7 25. c5 dxc5 26. Bxe5 Qxe5 27. Nc4 Qb8 28. Nxb6 Qxb6 29. Nxc5 Nd7 30. Nb3 Nf8
31. Ra8 Ne6 32. Qc3 Bd7 33. Rxe8+ Bxe8 34. Bc4 Bd7 35. h4 Qc7 36. g3 Qd6 37. Qd3 Qxd3 38. Bxd3 g5 39. hxg5 hxg5 40. f3 Kf8
41. Bc4 Nd8 42. Nc5 Ke7 43. Kf2 Be6 44. Nxe6 Nxe6 45. Ke3 Nd8 46. e5 f6 47. Ke4 Nb7 48. Bg8 fxe5 49. Kxe5 Nd6 50. g4 Nb5=
1/2-1/2

[Event "2020 Standard Chess Dropout Tournament, Round 6"]
[Site "SchemingMind.com"]
[Date "2021.12.29"]
[Round "6"]
[White "Ramesh Panwar"]
[Black "pjl1015"]
[Result "1-0"]
[WhiteCountry "IND"]
[BlackCountry "USA"]
[WhiteElo "2560"]
[WhiteRD "108"]
[BlackElo "2420"]
[BlackRD "112"]
[GameID "718778"]

1. e4 e5 2. Nf3 Nc6 3. Bb5 a6 4. Ba4 Be7 5. O-O Nf6 6. Re1 b5 7. Bb3 d6 8. c3 O-O 9. h3 Na5 10. Bc2 c5
11. d4 Qc7 12. d5 Bd7 13. b3 Rfe8 14. Be3 g6 15. Nbd2 Nh5 16. Bd3 Nb7 17. Be2 Nf4 18. Bf1 Bf6 19. c4 Be7 20. cxb5 axb5
21. a4 bxa4 22. bxa4 Na5 23. Qc2 Reb8 24. Rab1 Nh5 25. Rxb8+ Qxb8 26. Rb1 Qc8 27. Bb5 Kg7 28. Nb3 Nxb3 29. Qxb3 Qc7 30. Nd2 f5
31. Nc4 Rb8 32. Qd1 Bc8 33. exf5 Bxf5 34. Rb3 Nf6 35. a5 Be4 36. Nb6 Qa7 37. f3 Bf5 38. Qd2 Nd7 39. Bh6+ Kf7 40. Nc4 Nf6
41. f4 exf4 42. Qxf4 Kg8 43. Qd2 Bf8 44. Bxf8 Rxf8 45. Bc6 Ne4 46. Qb2 Qf7 47. Rf3 Ng5 48. Rf1 Qe7 49. a6 h5 50. Bb7 Nf7
51. Qc3 Kh7 52. Re1 Qh4 53. Rf1 Qe7 54. Qg3 Qc7 55. Re1 Qd7 56. Bc6 Qc7 57. Qa3 Qa7 58. Bb7 Rd8 59. Qa1 Ne5 60. Nxd6 c4+
61. Kh1 Rxd6 62. Rxe5 Rd7 63. Re8 Rg7 64. d6 Bd7 65. Rf8
1-0